书目信息 |
| 题名: |
公共经济学—理论、论据和案例研究
|
|
| 作者: | 亚当斯 , 王德章 , 宋德军 主编 ;阿利斯泰尔·杨 主编 | |
| 分册: | ||
| 出版信息: | 北京 科学出版社 2009 |
|
| 页数: | 254页 | |
| 开本: | 24cm | |
| 丛书名: | ||
| 单 册: | ||
| 中图分类: | F062.6 | |
| 科图分类: | ||
| 主题词: | 公共经济学--Gong Gong Jing Ji Xue--高等教育--教材 , 高等教育--Gao Deng Jiao Yu , 教材--Jiao Cai | |
| 电子资源: | ||
| ISBN: | 978-7-03-022500-9 | |
| 000 | 01161nam0 22003011 450 | |
| 001 | 350014 | |
| 005 | 20161009083718.71 | |
| 010 | @a978-7-03-022500-9@dCNY32.00 | |
| 100 | @a20091127d2009 em y0chiy50 ea | |
| 101 | 0 | @achi |
| 102 | @aCN@b110000 | |
| 105 | @ay z 000yy | |
| 106 | @ar | |
| 200 | 1 | @a公共经济学—理论、论据和案例研究@AGong Gong Jing Ji Xue Li Lun Lun Ju He An Li Yan Jiu@f约翰·亚当斯(John Adams)[等]主编 |
| 210 | @a北京@c科学出版社@d2009 | |
| 215 | @a254页@d24cm | |
| 300 | @a中国科学院规划教材 | |
| 330 | @a本书系统阐述了公共经济学的基本内容,尝试对传统公共经济学进行从体系到框架的创新,用现实经济中的案例来说明公共经济学的基本原理以及现实中存在的问题。 | |
| 606 | 0 | @a公共经济学@AGong Gong Jing Ji Xue@x高等教育@j教材 |
| 606 | 0 | @a高等教育@AGao Deng Jiao Yu |
| 606 | 0 | @a教材@AJiao Cai |
| 690 | @aF062.6@v5 | |
| 701 | 0 | @c(英)@a亚当斯@AYa Dang Si@c(Adams, John)@4主编 |
| 701 | 0 | @a王德章@AWang De Zhang@c(经济学)@4主编 |
| 701 | 0 | @a宋德军@ASong De Jun@f(1973~)@4主编 |
| 702 | 0 | @c()@a阿利斯泰尔·杨@AA Li Si Tai Er Yang@c(Young,Alistair)@4主编 |
| 801 | 0 | @aCN@bTANGWEI@20160802 |
| 905 | @b0887895-9@dF062.6@e143@f5 | |
| 公共经济学—理论、论据和案例研究/约翰·亚当斯(John Adams)[等]主编.-北京:科学出版社,2009 |
| 254页;24cm |
| 中国科学院规划教材 |
| ISBN 978-7-03-022500-9:CNY32.00 |
| 本书系统阐述了公共经济学的基本内容,尝试对传统公共经济学进行从体系到框架的创新,用现实经济中的案例来说明公共经济学的基本原理以及现实中存在的问题。 |
| ● |
| 相关链接 |
|
|
|
|
正题名:公共经济学—理论、论据和案例研究
索取号:F062.6/143
 
预约/预借
| 序号 | 登录号 | 条形码 | 馆藏地/架位号 | 状态 | 备注 |
| 1 | 0887895 | 208878954 | 第一样本阅览室/ [索取号:F062.6/143] | 在馆 | |
| 2 | 0887896 | 208878963 | 第一借阅区/ [索取号:F062.6/143] | 在馆 | |
| 3 | 0887897 | 208878972 | 第一借阅区/ [索取号:F062.6/143] | 在馆 | |
| 4 | 0887898 | 208878981 | 第一借阅区/ [索取号:F062.6/143] | 在馆 | |
| 5 | 0887899 | 208878990 | 第一借阅区/ [索取号:F062.6/143] | 在馆 |